Missing Word: Food Misconceptions Quiz Stats

 Plays Quiz Updated Jul 30, 2019

Score 0/20 Timer 08:00
0 Plays Today
Misconception Missing Word % Correct
Adding salt to water makes it ____ faster.boil
97.8%
Bottled _____ is cleaner than tap _____.water
97.3%
Drinking ____ or other dairy products cause mucus buildup.milk
96.8%
________ is the most important meal of the day.Breakfast
96.8%
The expiration ____ on food determines when it goes bad.date
96.7%
Fortune ______ are a Chinese invention.cookies
96.5%
Microwave ovens cook food from the _____ out.inside
96.3%
The red liquid that comes out of meat is _____.blood
96.2%
____ poisoning is a short-term reaction.Food
94.7%
Twinkie snack cakes have a shelf ____ of several decades.life
93.9%
Misconception Missing Word % Correct
A zucchini is a _____.fruit/vegetable
93.8%
___, such as saturated ___, is the same as the ___ tissue in our body.fat
93.7%
Different areas of the ______ perceive different tastes.tongue
92.7%
Sugar causes ________ to become hyperactive.children
89.2%
Tomatoes are _____ to Italy.indigenous
85.4%
Poultry must be ______ in water before it is cooked.washed
85.2%
Eating a proper ____ will 'detoxify' the body.diet
76.7%
_________ glutamate (MSG) causes migraines.Monosodium
67.4%
Foods cooked with _______ don't retain any intoxicating substances.alcohol
65.4%
______ food is healthier than processed food.Organic
58.4%

Today's Daily Dose

Missing Word
Sherlocks

Word Ladder
King of the Hill

Quick Pick
Songs in Pink

Get the Picture
NBA Teammates

You're not logged in!

Compare scores with friends on all Sporcle quizzes.
OR
Log In

Sporcle TV

Today on Sporcle TV


Watch our educational content, quiz creation guides, and fun videos on Sporcle TV.

Show Comments

Extras

Top Quizzes Today


Score Distribution

Your Account Isn't Verified!

In order to create a playlist on Sporcle, you need to verify the email address you used during registration. Go to your Sporcle Settings to finish the process.

Report this User

Report this user for behavior that violates our Community Guidelines.

Details: